000
00297nam a2200121 a 4500
005
20141022141959.0
008
120306s19uu xx 00 eng d
050
_a
CD
_b
G14 2008
100
_a
Jacobs, Scott
245
_a
Game programming gems 7 /
_c
Scott Jacobs.
260
_c
2008.
942
_c
AVM
999
_c
276119
_d
276119